<?xml version="1.0" encoding="UTF-8"?>
<record
    xmlns:xsi="http://www.w3.org/2001/XMLSchema-instance"
    xsi:schemaLocation="http://www.loc.gov/MARC21/slim http://www.loc.gov/standards/marcxml/schema/MARC21slim.xsd"
    xmlns="http://www.loc.gov/MARC21/slim">

  <leader>01532nam a22001577a 4500</leader>
  <controlfield tag="008">120620t        xxu||||| |||| 00| 0 eng d</controlfield>
  <datafield tag="020" ind1=" " ind2=" ">
    <subfield code="a">0697357171</subfield>
  </datafield>
  <datafield tag="082" ind1=" " ind2=" ">
    <subfield code="a">KF385.A4K15</subfield>
  </datafield>
  <datafield tag="100" ind1=" " ind2=" ">
    <subfield code="a">Katsh, Ethan M.</subfield>
  </datafield>
  <datafield tag="245" ind1=" " ind2=" ">
    <subfield code="a">Taking sides: clashing views on controversial legal issues. /</subfield>
    <subfield code="c">Ethan M. Katsh</subfield>
  </datafield>
  <datafield tag="250" ind1=" " ind2=" ">
    <subfield code="a">7</subfield>
  </datafield>
  <datafield tag="260" ind1=" " ind2=" ">
    <subfield code="a">United States of America:</subfield>
    <subfield code="b">McGraw-Hill,</subfield>
    <subfield code="c">1997.</subfield>
  </datafield>
  <datafield tag="300" ind1=" " ind2=" ">
    <subfield code="a">xvii, 380 p.:</subfield>
    <subfield code="c">24cm.</subfield>
  </datafield>
  <datafield tag="505" ind1=" " ind2=" ">
    <subfield code="a">Contents: The Operation of legal institutions -- Should lawyers be prohibited from presenting a false case? -- Does mediation in divorce cases hurt women -- Should plea bargaining be abolished -- Are term limits for elected officials unconstitutional? -- Law and social values : Is Drug use testing of students athletes permitted under the fourth amendment? -- Is Hate speech fully protected by the the constitution? -- Is Flag burning protected by the first amendment? -- Are school districts created for religious reasons a violation of the constitution? -- Is Abortion protected by the constitution? -- Is the regulation of pornography on the internet unconstitutional? -- Should affirmative action policies be continued? -- Are restrictions on physician-assisted suicide unconstitutional? -- Are laws restricting gay rights legislation unconstitutional? -- Law and crime: Should the death penalty be abolished? -- Should the exclusionary rule be abolished? -- Will waiting periods control gun purchases? -- Should the insanity defense be abolished? -- Should drug use be legalised? </subfield>
  </datafield>
  <datafield tag="942" ind1=" " ind2=" ">
    <subfield code="2">lcc</subfield>
    <subfield code="c">BK</subfield>
  </datafield>
  <datafield tag="999" ind1=" " ind2=" ">
    <subfield code="c">1461</subfield>
    <subfield code="d">8961</subfield>
  </datafield>
  <datafield tag="952" ind1=" " ind2=" ">
    <subfield code="0">0</subfield>
    <subfield code="1">0</subfield>
    <subfield code="2">lcc</subfield>
    <subfield code="4">0</subfield>
    <subfield code="7">0</subfield>
    <subfield code="a">WIUC-1</subfield>
    <subfield code="b">WIUC-1</subfield>
    <subfield code="c">GEN</subfield>
    <subfield code="d">2012-06-20</subfield>
    <subfield code="l">0</subfield>
    <subfield code="o">KF385.A4K15</subfield>
    <subfield code="p">4081/12</subfield>
    <subfield code="r">2012-06-20 00:00:00</subfield>
    <subfield code="t">1</subfield>
    <subfield code="w">2012-06-20</subfield>
    <subfield code="y">BK</subfield>
  </datafield>
</record>
